书目信息 |
| 题名: |
淬火精英
|
|
| 作者: | ;军情视点 编 | |
| 分册: | ||
| 出版信息: | 北京 化学工业出版社 2017.08 |
|
| 页数: | 156页 | |
| 开本: | 24cm | |
| 丛书名: | 兵之王者系列 | |
| 单 册: | ||
| 中图分类: | E156 | |
| 科图分类: | ||
| 主题词: | 特种部队--军事训练--世界 | |
| 电子资源: | ||
| ISBN: | 978-7-122-29693-1 | |
| 000 | 00921oam2 2200289 450 | |
| 001 | 0120172245979 | |
| 005 | 20170908092650.20 | |
| 010 | @a978-7-122-29693-1@dCNY48.00 | |
| 100 | @a20170727d2017 em y0chiy50 ea | |
| 101 | 0 | @achi |
| 102 | @aCN@b110000 | |
| 105 | @aa z 000yy | |
| 106 | @ar | |
| 200 | 1 | @a淬火精英@9cui huo jing ying@e特种部队魔鬼训练实录@f军情视点编 |
| 205 | @a2版@b修订版 | |
| 210 | @a北京@c化学工业出版社@d2017.08 | |
| 215 | @a156页@c图@d24cm | |
| 225 | 2 | @a兵之王者系列 |
| 330 | @a本书的主要内容包括特种部队新兵选拔、特战技能训练、心理素质训练以及特种战术训练等。 | |
| 333 | @a军事研究人员 | |
| 461 | 0 | @12001 @a兵之王者系列 |
| 517 | 1 | @a特种部队魔鬼训练实录@9te zhong bu dui mo gui xun lian shi lu |
| 606 | 0 | @a特种部队@x军事训练@y世界 |
| 690 | @aE156@v5 | |
| 711 | 02 | @a军情视点@9jun qing shi dian@4编 |
| 801 | 0 | @aCN@b人天书店@c20170727 |
| 905 | @b995104-09@dE156@e79=2@f6 | |
| 淬火精英:特种部队魔鬼训练实录/军情视点编.-2版,修订版.-北京:化学工业出版社,2017.08 |
| 156页:图;24cm.-(兵之王者系列) |
| 使用对象:军事研究人员 |
| ISBN 978-7-122-29693-1:CNY48.00 |
| 本书的主要内容包括特种部队新兵选拔、特战技能训练、心理素质训练以及特种战术训练等。 |
| ● |
| 相关链接 |
|
|
|
|
正题名:淬火精英
索取号:E156/79=2
 
预约/预借
| 序号 | 登录号 | 条形码 | 馆藏地/架位号 | 状态 | 备注 |
| 1 | 995104 | 209951042 | 第一样本阅览室/ [索取号:E156/79=2] | 在馆 | |
| 2 | 995105 | 209951051 | 第一借阅区/ [索取号:E156/79=2] | 在馆 | |
| 3 | 995106 | 209951060 | 第一借阅区/ [索取号:E156/79=2] | 在馆 | |
| 4 | 995107 | 209951079 | 第一借阅区/ [索取号:E156/79=2] | 在馆 | |
| 5 | 995108 | 209951088 | 第一借阅区/ [索取号:E156/79=2] | 在馆 | |
| 6 | 995109 | 209951097 | 密集书库-史法系/ [索取号:E156/79=2] | 在馆 |